=LDR 00000nam 2200000 4500 =001 INLIS000000000001349 =005 20130612085744 =008 ***********************************Ind** =035 ##$$0010-061300000001349 =041 ##$$a Ind =082 ##$$a 811 =090 ##$$a 811, Ham-n =100 ##$$a HAMZAH, Amir =245 ##$$a Nyanyi Sunyi, Amir Hamzah =260 ##$$a 1995 $b Jakarta =300 ##$$a 30 hlm, ilus, 20 cm =650 ##$$a Puisi Indonesia =850 ##$$a NBPNMAT